000
00288nam a22001337a 4500
008
170622b xxu||||| |||| 00| 0 eng d
020
_a
9780880704458
041
_a
eng
080
_a
32
100
_a
20
101
_a
SHP
245
_a
WHO OWNS THE LAND?
_c
ELLISEN,S.A
942
_2
udc
_c
BK
999
_c
18581
_d
18581